000 00467nam a2200157 i 4500
001 104185
003 ES-MaACL
005 20230906183533.0
007 t|
008 051124s1952 sp ||||1| cat d
100 1 _aMialet, Pere.
_980848
245 1 0 _aError de perspectiva
_b: joguina en tres actes i en prosa /
_cPere Mialet.
260 _aBarcelona :
_b[s.n.],
_c1952 (
_fImp. E. Castells)
300 _a63 p. ;
_c22 cm.
852 _aES-MaACL
_j2017-F-20
_bR.33374
999 _c104185
_d104185